Culture Générale - Série 771 - Statistiques

Statistiques générales
  • Ce quiz a été pris 758 fois
  • Le résultat moyen est 7 sur 10
Statistiques - réponses
Question Réponse % Correct
De quel pays est originaire la boisson alcoolisée appelée "saké" ? Japon
96%
Qu'appelle-t-on familièrement les "tifs" ? cheveux
93%
Quel tubercule fut répandu en France au XVIIIe siècle, par Parmentier ? pomme de terre
91%
Quel organe de la femme accueille l'oeuf fécondé, jusqu'au terme de sa gestation ? utérus
85%
Quelle ville française est surnommée “la cité des Papes” ? Avignon
84%
A quel épisode biblique l'adjectif "diluvien" se rapporte-t-il ? Déluge
71%
Dès 1952, quel acteur français incarne Don Camillo au cinéma ? Fernandel
66%
Selon l'expression, quand on espère quelque chose qui n'arrivera jamais on dit : "Vivement la semaine des 4... jeudis
55%
En anglais, de quel prénom "Jim" et "Jimmy" sont-ils les diminutifs ? James
42%
En France, sous quel nom connaît-on mieux Konstandínos Gavras ? Costa-Gavras
34%
Aucun quiz correspondant
Distribution des résultats
% des personnes avec chaque résultat
Percentile par nombre de réponses
Votre historique - résultats
Vous n’avez pas pris ce quiz